[Event "ICS rated standard match"]
[Site "204.178.125.65"]
[Date "2000.09.14"]
[Round "?"]
[White "BrazilianMaster"]
[Black "Hossa"]
[Result "1-0"]
[WhiteElo "2563"]
[BlackElo "2341"]
[PlyCount "105"]
[EventDate "2000.??.??"]

1. Nf3 d5 2. d4 c6 3. Bf4 Qb6 4. Nbd2 Qxb2 5. e4 Nf6 6. e5 Ne4 7. Rb1 Qxa2 8.
Nxe4 dxe4 9. Nd2 b6 10. Nc4 Bg4 11. Qc1 Be6 12. Ra1 Bxc4 13. Rxa2 Bxa2 14. c4
Bb3 15. e6 fxe6 16. Qa3 Bc2 17. Bxb8 Rxb8 18. Qxa7 Rd8 19. Qxb6 g6 20. d5 Bg7
21. Qxc6+ Kf8 22. Qxe6 Bc3+ 23. Ke2 Ra8 24. c5 Bd3+ 25. Ke3 Ra1 26. Bxd3 Rxh1
27. Bc4 Re1+ 28. Kf4 Bd2+ 29. Kg3 Rc1 30. d6 Rc3+ 31. Kh4 Rxc4 32. dxe7+ Kg7
33. Qxc4 Re8 34. Qd4+ Kf7 35. Qxd2 Rxe7 36. Qd5+ Kf6 37. c6 e3 38. fxe3 h6 39.
c7 Rxc7 40. Qd6+ Kf5 41. g4+ Ke4 42. Qxc7 Kd5 43. Qf7+ Kd6 44. Qxg6+ Kc5 45.
Qxh6 Kd5 46. g5 Kc5 47. g6 Kc4 48. g7 Kd3 49. Qd6+ Kc2 50. g8=Q Kc3 51. Qd4+
Kc2 52. Qa2+ Kc1 53. Qdd2# {Hossa checkmated} 1-0

[Event "ICS rated standard match"]
[Site "204.178.125.65"]
[Date "2000.09.14"]
[Round "?"]
[White "Hossa"]
[Black "BrazilianMaster"]
[Result "0-1"]
[WhiteElo "2334"]
[BlackElo "2570"]
[PlyCount "140"]
[EventDate "2000.??.??"]

1. e4 c5 2. Nf3 Nc6 3. d4 cxd4 4. Nxd4 e6 5. Nc3 a6 6. g3 Qc7 7. Bg2 Nf6 8. Be3
Be7 9. f4 d6 10. O-O O-O 11. Re1 Re8 12. Qe2 e5 13. Nb3 Bg4 14. Qf2 exf4 15.
Qxf4 Ne5 16. Bd4 Nh5 17. Qf2 Nf6 18. Rf1 Rac8 19. Nc1 Be6 20. h3 Qd7 21. g4 h5
22. g5 Nh7 23. h4 f6 24. Bxe5 dxe5 25. Nd3 fxg5 26. hxg5 Nxg5 27. Nxe5 Qd6 28.
Nd3 Bf6 29. Nd5 Bxd5 30. exd5 Ne4 31. Qf4 Qb6+ 32. Kh1 g5 33. Qh2 Rxc2 34. Rae1
Kg7 35. d6 h4 36. d7 Re7 37. Rxf6 Kxf6 38. Qb8 Ng3+ 39. Kh2 Rxg2+ 40. Kxg2 Qc6+
41. Kf2 Qxd7 42. Qf8+ Rf7 43. Qh6+ Kf5 44. Kg2 Qc6+ 45. Qxc6 bxc6 46. Re3 Rb7
47. Rf3+ Kg6 48. Ne5+ Kh5 49. Rf2 c5 50. Nd3 c4 51. Ne5 Re7 52. Nxc4 Kg4 53.
Rc2 h3+ 54. Kg1 Re1+ 55. Kf2 h2 56. Kxe1 h1=Q+ 57. Kd2 Kf4 58. Kd3 Qd5+ 59. Kc3
Ne4+ 60. Kb4 Qb5+ 61. Ka3 Nc5 62. Rf2+ Kg3 63. b4 Qa4+ 64. Kb2 Qxb4+ 65. Ka1
Qxc4 66. Rf1 Qc3+ 67. Kb1 Nd3 68. Rg1+ Kf2 69. Rf1+ Kxf1 70. a3 Qb2# {
Hossa checkmated} 0-1

[Event "ICS rated standard match"]
[Site "204.178.125.65"]
[Date "2000.09.14"]
[Round "?"]
[White "BrazilianMaster"]
[Black "Hossa"]
[Result "1-0"]
[WhiteElo "2577"]
[BlackElo "2327"]
[PlyCount "85"]
[EventDate "2000.??.??"]

1. e4 c5 2. Nc3 Nc6 3. d3 e6 4. Nf3 d5 5. exd5 exd5 6. d4 Nf6 7. Be2 cxd4 8.
Nxd4 Bc5 9. Be3 Qb6 10. Na4 Qa5+ 11. c3 Bxd4 12. Bxd4 Nxd4 13. Qxd4 O-O 14. O-O
Re8 15. Bd3 Bg4 16. f3 Bc8 17. Nc5 Qb6 18. a4 Re7 19. a5 Qc7 20. Rae1 Be6 21.
f4 Bg4 22. h3 Bh5 23. Rxe7 Qxe7 24. g4 Rc8 25. a6 b6 26. Nb3 Nxg4 27. hxg4 Bxg4
28. f5 Qg5 29. Qf4 Qh5 30. Nd4 Re8 31. Nc6 h6 32. f6 g6 33. Ne7+ Kh8 34. Bxg6
fxg6 35. f7 Rf8 36. Nxd5 Kh7 37. Nf6+ Kg7 38. Ne8+ Kh7 39. Qf6 Qc5+ 40. Rf2
Qxc3 41. Qxc3 Rxe8 42. fxe8=Q Bh3 43. Qch8# {Hossa checkmated} 1-0

[Event "ICS rated standard match"]
[Site "204.178.125.65"]
[Date "2000.09.14"]
[Round "?"]
[White "Hossa"]
[Black "BrazilianMaster"]
[Result "1-0"]
[WhiteElo "2321"]
[BlackElo "2583"]
[PlyCount "73"]
[EventDate "2000.??.??"]

1. e4 c5 2. Nf3 e6 3. d4 d5 4. exd5 exd5 5. Bb5+ Bd7 6. Bxd7+ Nxd7 7. O-O Ngf6
8. Re1+ Be7 9. Qe2 Ne4 10. c4 Kf8 11. cxd5 Ndf6 12. Bf4 cxd4 13. Be5 Bc5 14.
Qc4 Rc8 15. Nxd4 Nxf2 16. Kxf2 Ng4+ 17. Kf3 Nxe5+ 18. Rxe5 Qf6+ 19. Ke4 Qg6+
20. Ke3 Qxg2 21. Nd2 b5 22. Qc3 b4 23. Qc4 Qxh2 24. Re4 g6 25. N2b3 f5 26. Nxc5
Qh3+ 27. Nf3 fxe4 28. Qxe4 Re8 29. Ne6+ Kg8 30. Qe5 Qh6+ 31. Nfg5 Qf8 32. Rf1
Qh6 33. Qf6 Qxg5+ 34. Qxg5 Rxe6+ 35. dxe6 b3 36. Rf7 bxa2 37. Qd8# {
BrazilianMaster checkmated} 1-0

[Event "ICS rated standard match"]
[Site "204.178.125.65"]
[Date "2000.09.14"]
[Round "?"]
[White "BrazilianMaster"]
[Black "Hossa"]
[Result "1-0"]
[WhiteElo "2557"]
[BlackElo "2347"]
[PlyCount "55"]
[EventDate "2000.??.??"]

1. Nf3 Nf6 2. d4 g6 3. c4 Bg7 4. Nc3 O-O 5. e4 c6 6. Be2 d5 7. e5 Ne8 8. cxd5
cxd5 9. Qb3 Nc7 10. h4 b6 11. h5 gxh5 12. Rxh5 Bg4 13. Rh1 Bf5 14. Bh6 Nc6 15.
Bxg7 Kxg7 16. Rc1 Qd7 17. Nd1 Rac8 18. Qe3 Kg8 19. Nh4 Be4 20. f3 Ne6 21. fxe4
Ncxd4 22. Qh6 Nc2+ 23. Rxc2 Rxc2 24. Nf5 Rxe2+ 25. Kf1 Re1+ 26. Kxe1 Re8 27.
Qxh7+ Kf8 28. Qh8# {Hossa checkmated} 1-0

[Event "ICS rated standard match"]
[Site "204.178.125.65"]
[Date "2000.09.14"]
[Round "?"]
[White "Hossa"]
[Black "BrazilianMaster"]
[Result "0-1"]
[WhiteElo "2340"]
[BlackElo "2564"]
[PlyCount "66"]
[EventDate "2000.??.??"]

1. d4 d5 2. Nf3 e6 3. Bg5 Nf6 4. e3 c5 5. dxc5 Bxc5 6. Bd3 Qb6 7. Qc1 Nbd7 8.
O-O e5 9. Nc3 e4 10. Bxf6 Nxf6 11. Bb5+ Kf8 12. Nd2 Bd6 13. Rd1 Be5 14. Ndb1
Bg4 15. Re1 d4 16. exd4 Bxd4 17. Qd2 Rd8 18. h3 Bc5 19. Qf4 g5 20. Na4 gxf4 21.
Nxb6 Bxb6 22. hxg4 Nxg4 23. Kf1 f5 24. Be2 f3 25. gxf3 Nh2+ 26. Kg2 Rg8+ 27.
Kh1 Nxf3 28. Bxf3 Rd6 29. Bg2 Bxf2 30. Bh3 Rh6 31. Re3 Bxe3 32. Kh2 Bf4+ 33.
Kh1 Rxh3# {Hossa checkmated} 0-1

[Event "ICS rated standard match"]
[Site "204.178.125.65"]
[Date "2000.09.14"]
[Round "?"]
[White "BrazilianMaster"]
[Black "Hossa"]
[Result "1-0"]
[WhiteElo "2571"]
[BlackElo "2333"]
[PlyCount "121"]
[EventDate "2000.??.??"]

1. c4 e5 2. Nc3 Nf6 3. e3 Bb4 4. Nge2 O-O 5. a3 Be7 6. d4 d6 7. Ng3 exd4 8.
exd4 d5 9. Be3 Re8 10. Bd3 c5 11. O-O cxd4 12. Bxd4 dxc4 13. Bxc4 Nc6 14. Be3
Qxd1 15. Raxd1 Bg4 16. f3 Bxa3 17. Bf2 Bxb2 18. Na4 Bxf3 19. gxf3 Ba3 20. Rd3
Bb4 21. Rb1 Rab8 22. Nc3 a5 23. Nd5 Ne5 24. Nxf6+ gxf6 25. Nh5 Nxc4 26. Nxf6+
Kg7 27. Nxe8+ Rxe8 28. Rd5 b6 29. Bd4+ f6 30. Kg2 Kf7 31. Kf2 h6 32. Rc1 Rc8
33. Ke2 Rc6 34. Rc2 Re6+ 35. Kd3 Ne5+ 36. Bxe5 fxe5 37. Ke4 Kf6 38. h4 Bc5 39.
Rd7 Re8 40. Rg2 Re7 41. Rxe7 Bxe7 42. h5 Ke6 43. Rg6+ Bf6 44. Rxh6 a4 45. Rh7
Be7 46. h6 a3 47. Rh8 Bf6 48. Ra8 b5 49. Rxa3 b4 50. Ra6+ Ke7 51. Kf5 Bh8 52.
Ra7+ Kd6 53. Ra8 e4 54. Rxh8 e3 55. h7 Kd7 56. Rb8 e2 57. h8=Q e1=Q 58. Qd4+
Kc7 59. Qb6+ Kd7 60. Rd8+ Ke7 61. Qf6# {Hossa checkmated} 1-0

[Event "ICS rated standard match"]
[Site "204.178.125.65"]
[Date "2000.09.14"]
[Round "?"]
[White "Hossa"]
[Black "BrazilianMaster"]
[Result "0-1"]
[WhiteElo "2327"]
[BlackElo "2577"]
[PlyCount "112"]
[EventDate "2000.??.??"]

1. d4 d5 2. Nf3 Nf6 3. Bf4 Bf5 4. e3 e6 5. Nbd2 Be7 6. h3 O-O 7. Nh4 Be4 8. Be2
c5 9. c3 Nc6 10. O-O c4 11. Nxe4 dxe4 12. g4 Qd5 13. Ng2 Rac8 14. Qa4 b5 15.
Qa6 e5 16. dxe5 Nxe5 17. Rfd1 Nd3 18. a4 bxa4 19. Qxa7 Nd7 20. Qxa4 f5 21. gxf5
Ra8 22. Qc2 Qxf5 23. Bg4 Qd5 24. Rxa8 Rxa8 25. Bh2 Nf6 26. Nf4 Qg5 27. Qe2 h5
28. Ne6 Qg6 29. Nf4 Nxf4 30. Qxc4+ N4d5 31. Rxd5 Kh8 32. Rxh5+ Nxh5 33. Be5 Bh4
34. Bd4 Nf6 35. Qe6 Qg5 36. Kg2 Nxg4 37. hxg4 Rf8 38. b4 Bxf2 39. Qxe4 Qh4 40.
Kf1 Bxe3+ 41. Ke2 Bxd4 42. cxd4 Qf2+ 43. Kd3 Qf1+ 44. Ke3 Rc8 45. Qd3 Qe1+ 46.
Kf4 Qf2+ 47. Ke4 Re8+ 48. Kd5 Qf7+ 49. Kc5 Rc8+ 50. Kd6 Rd8+ 51. Ke5 Re8+ 52.
Kd6 Qe6+ 53. Kc5 Rc8+ 54. Kb5 Qc6+ 55. Ka5 Ra8+ 56. Qa6 Rxa6# {Hossa checkmated
} 0-1

[Event "ICS rated standard match"]
[Site "204.178.125.65"]
[Date "2000.09.14"]
[Round "?"]
[White "BrazilianMaster"]
[Black "Hossa"]
[Result "1-0"]
[WhiteElo "2583"]
[BlackElo "2321"]
[PlyCount "75"]
[EventDate "2000.??.??"]

1. e4 c5 2. Nc3 d6 3. f4 g6 4. Nf3 Bg7 5. Bc4 Nf6 6. d3 O-O 7. O-O Nc6 8. Bd2
Na5 9. Bb3 Nxb3 10. axb3 Bg4 11. Qe2 Nd7 12. h3 Bxf3 13. Qxf3 a6 14. e5 Qb8 15.
exd6 Bd4+ 16. Kh2 exd6 17. Rae1 b5 18. Nd5 Bxb2 19. Ba5 Kh8 20. Bc7 Qb7 21.
Bxd6 Rfd8 22. Be7 Re8 23. c3 b4 24. cxb4 cxb4 25. f5 Bc3 26. fxg6 fxg6 27. Qf7
Qb8+ 28. Kh1 Rg8 29. Nxc3 bxc3 30. Bc5 Rg7 31. Bd4 Qg8 32. Qxd7 h5 33. Re7 Rf8
34. Rxf8 Qxf8 35. Re8 Kh7 36. Rxf8 Kh6 37. Bxg7+ Kg5 38. Qe7# {Hossa checkmated
} 1-0

[Event "ICS rated blitz match"]
[Site "204.178.125.65"]
[Date "2000.09.14"]
[Round "?"]
[White "D-Zagorskis"]
[Black "Hossa"]
[Result "0-1"]
[WhiteElo "2595"]
[BlackElo "2565"]
[PlyCount "62"]
[EventDate "2000.??.??"]

1. c4 e5 2. Nc3 Nf6 3. Nf3 Nc6 4. e3 Bb4 5. Qc2 Bxc3 6. bxc3 e4 7. Nd4 Ne5 8.
f4 exf3 9. Nxf3 d6 10. Be2 Be6 11. d3 Qe7 12. e4 Nxf3+ 13. Bxf3 Bg4 14. O-O
Bxf3 15. Rxf3 Ng4 16. h3 Ne5 17. Rf2 O-O 18. Bf4 f5 19. Bxe5 Qxe5 20. exf5 Qe3
21. Kh2 Rae8 22. Raf1 Rf7 23. g4 Qe5+ 24. Kg2 Qe7 25. Qd2 Qe5 26. Rf4 d5 27.
cxd5 Qxd5+ 28. Kh2 Rfe7 29. R4f2 Re3 30. d4 Qd6+ 31. Kh1 Rxh3+ {
D-Zagorskis resigns} 0-1

[Event "ICS Rated blitz match"]
[Site "204.178.125.65"]
[Date "2000.09.14"]
[Round "?"]
[White "Hossa"]
[Black "D-Zagorskis"]
[Result "1-0"]
[WhiteElo "2582"]
[BlackElo "2578"]
[PlyCount "179"]
[EventDate "2000.??.??"]

1. d4 Nf6 2. c4 e6 3. Nf3 d5 4. Nc3 Nbd7 5. cxd5 exd5 6. e3 c6 7. Bd3 Bd6 8.
O-O O-O 9. b3 Re8 10. a3 a6 11. Bb2 Nf8 12. Qc2 Ng6 13. Rfe1 Qc7 14. h3 Bd7 15.
Rad1 Re7 16. Rc1 Rae8 17. Rf1 Qd8 18. Ng5 Bc8 19. g3 Nf8 20. Bf5 h6 21. Nf3 g6
22. Bxc8 Qxc8 23. Kg2 N8d7 24. Nh4 Kg7 25. Nf3 Qd8 26. Kg1 Re6 27. Rce1 Kh7 28.
Ra1 Ne4 29. Rfd1 Ndf6 30. Nxe4 Nxe4 31. Ne5 f6 32. Nf7 Qe7 33. Nxd6 Qxd6 34.
Bc3 f5 35. Rd3 h5 36. Bb4 Qd7 37. Qe2 Kg8 38. h4 Kf7 39. Rdd1 Nf6 40. Qc2 Ng4
41. Qc5 Qc7 42. Ba5 Qb8 43. Be1 Qd8 44. Bd2 Rh8 45. Qa7 Re7 46. Bb4 Rd7 47. Re1
g5 48. f3 Nh6 49. hxg5 Qxg5 50. Kf2 Kg6 51. Rg1 Nf7 52. Ke2 Re8 53. Bd2 Qf6 54.
Rh1 Ng5 55. Bb4 Qe6 56. Bd2 Nh7 57. Rh4 Nf6 58. Kd1 Qf7 59. Kc2 Re6 60. Rah1
Re8 61. Qb6 Qe6 62. Kb2 Rf7 63. R1h2 Qd7 64. Qc5 Re6 65. Qc2 Re8 66. Qc1 Kg7
67. Bb4 Re6 68. Qe1 Qe8 69. Bd2 Rd7 70. Qf1 Qg6 71. Qh3 Rde7 72. Rf4 Re8 73.
Rxf5 Rh8 74. Re5 Rxe5 75. dxe5 Ne8 76. Ba5 Qf7 77. f4 Nc7 78. g4 Ne6 79. gxh5
Kf8 80. h6 Rh7 81. f5 Ng5 82. Bb4+ Ke8 83. Qg4 Ne4 84. Kb1 Rh8 85. Qg7 Qxg7 86.
hxg7 Rg8 87. e6 Ng5 88. Rh8 Nxe6 89. fxe6 c5 90. Bxc5 {D-Zagorskis resigns} 1-0

[Event "ICS rated standard match"]
[Site "204.178.125.65"]
[Date "2000.09.14"]
[Round "?"]
[White "Hossa"]
[Black "MAUDEVAN"]
[Result "1-0"]
[WhiteElo "2315"]
[BlackElo "2032"]
[PlyCount "47"]
[EventDate "2000.??.??"]

1. e4 d6 2. d4 Nf6 3. Nc3 g6 4. f4 Bg7 5. Nf3 O-O 6. Bd3 c5 7. dxc5 dxc5 8. Qe2
a6 9. e5 Nd5 10. Nxd5 Qxd5 11. Be4 Qd7 12. Be3 Qc7 13. O-O-O Bd7 14. Qf2 Rc8
15. h4 Bc6 16. Bxc6 Qxc6 17. h5 b6 18. Qh4 f6 19. hxg6 hxg6 20. Qh7+ Kf7 21.
exf6 exf6 22. f5 gxf5 23. Nh4 Nd7 24. Qg6+ {MAUDEVAN resigns} 1-0

[Event "ICS rated blitz match"]
[Site "204.178.125.65"]
[Date "2000.09.14"]
[Round "?"]
[White "QueenMaxima"]
[Black "Hossa"]
[Result "1-0"]
[WhiteElo "2552"]
[BlackElo "2598"]
[PlyCount "75"]
[EventDate "2000.??.??"]

1. d4 Nf6 2. Bf4 g6 3. Nf3 Bg7 4. e3 c5 5. c3 cxd4 6. cxd4 d6 7. Nc3 a6 8. Bd3
O-O 9. O-O Nc6 10. Rc1 Nb4 11. Bg5 Nxd3 12. Qxd3 Bf5 13. e4 Nxe4 14. Nxe4 d5
15. Qa3 dxe4 16. Bxe7 Qd5 17. Nd2 Rfc8 18. Nb3 Rxc1 19. Rxc1 Bxd4 20. Nxd4 Qxd4
21. h3 Be6 22. Rc7 Qd1+ 23. Kh2 Qd2 24. Bh4 b6 25. Bg3 Rd8 26. Rc6 Rd3 27. Qxa6
Qxb2 28. Rxb6 Qxa2 29. Rb8+ Kg7 30. Qc6 Rb3 31. Ra8 Qb1 32. Qe8 Kh6 33. Bf4+ g5
34. Qf8+ Kh5 35. g4+ Bxg4 36. Qxf7+ Kh4 37. Bg3+ Rxg3 38. fxg3# {
Hossa checkmated} 1-0

[Event "ICS rated blitz match"]
[Site "204.178.125.65"]
[Date "2000.09.14"]
[Round "?"]
[White "Hossa"]
[Black "Colorado"]
[Result "0-1"]
[WhiteElo "2580"]
[BlackElo "2594"]
[Annotator "Fritz 6 (22s)"]
[PlyCount "136"]
[EventDate "2000.??.??"]

1. Nf3 {E92: Koenigsindisch (Klassisches System)} 1... Nf6 2. d4 g6 3. c4 Bg7
4. Nc3 O-O 5. e4 d6 6. Be2 e5 7. Be3 Nc6 8. d5 {Weiss hat mehr Raum} 8... Ne7
9. Nd2 Ne8 10. O-O f5 11. f3 f4 12. Bf2 g5 13. c5 {
Weiss packt die Bauernkette an der Wurzel} 13... Bd7 14. Bc4 Kh8 15. Rc1 Ng6
16. Nb3 Bf6 17. Na5 b6 18. cxb6 cxb6 19. Nc6 Qc8 20. Qd3 Nc7 21. Nb5 Nxb5 22.
Bxb5 a6 23. Nd4 $1 {Die Raeumung erlaubt b5-d7} 23... Qd8 (23... exd4 24. Rxc8)
24. Bxd7 Qxd7 25. Ne6 Rfc8 26. Bxb6 Qb5 27. Qxb5 axb5 28. a3 Nf8 29. Nxf8 Rxf8
30. Rc7 Rfb8 31. Rc6 Bd8 32. Bxd8 (32. Rxd6 $2 {ist ein Schlag ins Wasser}
32... Bxb6+ (32... Rxb6 $6 33. Rd7 $15) 33. Kh1 Bd4 $19) 32... Rxd8 33. Rc7 Rg8
34. Rd7 Rgd8 35. Re7 Rac8 36. Rb7 Rc5 37. h3 Rdc8 38. b4 Rc2 39. Ra1 Rb2 40.
Kh1 (40. Rxb5 $6 Rcc2 41. Kh1 Rxg2 42. Rb8+ Kg7 $11) 40... Rcc2 41. Rg1 (41.
Rxb5 $6 Rxg2 42. a4 Rh2+ 43. Kg1 Rxh3 44. Rb8+ Kg7 $15) 41... Rb3 42. Rxb5 Rxa3
43. Rb6 Ra4 44. Rxd6 Rxb4 45. Re6 Kg7 46. Rxe5 h6 47. Re7+ Kf6 48. Rh7 Kg6 49.
Rd7 Rbb2 50. Rd6+ Kh5 51. Re6 Re2 52. Rf6 Rec2 53. d6 Re2 54. Kh2 Rbd2 55. Re6
Rf2 56. Kh1 Rfe2 57. e5 Rd5 58. Kh2 (58. Re7 $142 {ist genauer} 58... Rexe5 59.
Rxe5 Rxe5 60. Rd1 $18) 58... Rd3 59. Re7 Kg6 60. Rc1 (60. h4 $142 $16) 60...
Rdd2 61. Kh1 Rxg2 62. Re8 $4 {vergibt den Vorteil} (62. d7 Rge2 $11) 62... Rh2+
63. Kg1 Rxh3 64. Rc3 $4 {laesst den Gewinn aus} (64. e6 $142 {
war der einzige Versuch} 64... Rxd6 65. Re1 $11) 64... Rd1+ 65. Kg2 Rdh1 66.
Rg8+ Kh5 67. Rxg5+ Kxg5 68. e6 R3h2# 0-1

[Event "ICS rated blitz match"]
[Site "204.178.125.65"]
[Date "2000.09.14"]
[Round "?"]
[White "PostModernist"]
[Black "Hossa"]
[Result "1/2-1/2"]
[WhiteElo "2606"]
[BlackElo "2565"]
[PlyCount "115"]
[EventDate "2000.??.??"]

1. d4 d5 2. Nf3 Nf6 3. e3 e6 4. Bd3 Be7 5. Nbd2 c6 6. O-O O-O 7. b3 c5 8. Bb2
cxd4 9. exd4 Nc6 10. Be2 Bd6 11. Bd3 Qc7 12. c4 Nb4 13. Bb1 Bf4 14. g3 Bd6 15.
a3 Nc6 16. Re1 Rd8 17. Qe2 a5 18. c5 Be7 19. Bd3 Bd7 20. Rac1 Be8 21. Qf1 a4
22. b4 Bf8 23. b5 Ne7 24. Qh3 Bd7 25. Ne5 g6 26. Ndf3 Bg7 27. b6 Qc8 28. Rcd1
Nc6 29. g4 Be8 30. g5 Nxe5 31. Nxe5 Nd7 32. Nxd7 Qxd7 33. Bc2 Qe7 34. Qe3 Bb5
35. Bc3 Qd7 36. Rb1 Bc4 37. Qf4 Rac8 38. Kh1 Rxc5 39. dxc5 Bxc3 40. Red1 d4 41.
Be4 Bd5 42. f3 Bb3 43. Rdc1 Ba2 44. c6 bxc6 45. b7 Bxb1 46. Rxb1 d3 47. b8=Q d2
48. Qb6 d1=Q+ 49. Rxd1 Qxd1+ 50. Qg1 Qb3 51. Qa7 Qd1+ 52. Kg2 Rd2+ 53. Kg3 Qe1+
54. Kh3 Qf1+ 55. Kh4 Qe1+ 56. Kh3 Qf1+ 57. Kh4 Qe1+ 58. Kh3 {
Game drawn by repetition} 1/2-1/2

[Event "ICS rated blitz match"]
[Site "204.178.125.65"]
[Date "2000.09.14"]
[Round "?"]
[White "Hossa"]
[Black "D-Zagorskis"]
[Result "0-1"]
[WhiteElo "2567"]
[BlackElo "2553"]
[PlyCount "156"]
[EventDate "2000.??.??"]

1. e4 c5 2. Nf3 Nc6 3. d4 cxd4 4. Nxd4 Nf6 5. Nc3 d6 6. Bg5 e6 7. Qd2 a6 8.
O-O-O Be7 9. Nf3 Qc7 10. Bxf6 Bxf6 11. Qxd6 Qxd6 12. Rxd6 Bxc3 13. bxc3 Ke7 14.
Rd2 Bd7 15. Be2 Rhc8 16. Rhd1 Be8 17. Kb2 Rc7 18. Rd6 Rac8 19. Ng5 h6 20. Nf3
Na5 21. e5 Rxc3 22. R6d2 R3c5 23. Re1 Bc6 24. Kc1 Bd5 25. Red1 R8c7 26. Kb1
Bxf3 27. Bxf3 Rxe5 28. Be2 Rec5 29. h3 Nc4 30. Bxc4 Rxc4 31. a3 b5 32. f3 g5
33. Kb2 h5 34. Re1 Kf6 35. Re3 R7c5 36. Kc1 Rc6 37. Red3 Kf5 38. Rd7 f6 39. Kd1
h4 40. Kc1 e5 41. Rd8 Kf4 42. R8d3 f5 43. Rf2 Rc3 44. Rxc3 Rxc3 45. Kb2 Rc4 46.
Kc1 Kg3 47. Re2 e4 48. fxe4 Rxe4 49. Rd2 f4 50. Kb2 Re3 51. a4 bxa4 52. c4 a3+
53. Ka1 Rc3 54. Ka2 Rxc4 55. Kxa3 Rc5 56. Kb2 f3 57. gxf3 Kxh3 58. Kb3 Kg3 59.
Rd3 Kg2 60. Kb4 Rf5 61. Rd2+ Kxf3 62. Rd3+ Kg2 63. Rd2+ Kg3 64. Rd3+ Rf3 65.
Rd1 h3 66. Rg1+ Kh4 67. Rh1 Rf2 68. Kc4 h2 69. Kd4 Kg3 70. Ra1 Kg2 71. Rxa6
h1=Q 72. Rg6 Qd1+ 73. Kc5 Rf5+ 74. Kc6 Qd5+ 75. Kb6 Qc5+ 76. Ka6 Qb5+ 77. Ka7
Rf7+ 78. Ka8 Qb7# {Hossa checkmated} 0-1

[Event "ICS rated blitz match"]
[Site "204.178.125.65"]
[Date "2000.09.14"]
[Round "?"]
[White "Valg"]
[Black "Hossa"]
[Result "1-0"]
[WhiteElo "2420"]
[BlackElo "2550"]
[PlyCount "85"]
[EventDate "2000.??.??"]

1. d4 d5 2. c4 c6 3. Nc3 Nf6 4. Nf3 e6 5. Bg5 dxc4 6. e4 b5 7. e5 h6 8. Bh4 g5
9. Nxg5 hxg5 10. Bxg5 Nbd7 11. exf6 Bb7 12. g3 c5 13. d5 Rg8 14. h4 Nxf6 15.
Nxb5 Bxd5 16. Bxf6 Qa5+ 17. Qd2 Qxb5 18. Rh3 Rg6 19. Qc3 Rb8 20. O-O-O Be7 21.
Be5 Rb6 22. h5 Rg8 23. h6 Bg5+ 24. f4 Bxh6 25. Rxh6 Qa4 26. f5 Qxa2 27. fxe6
Bxe6 28. Re1 Qa1+ 29. Kd2 Qa4 30. Qe3 Qa5+ 31. Ke2 Qa6 32. Kf2 Qa2 33. Qd2 Rb7
34. Rd1 Bd7 35. Bg2 c3 36. Bxc3 Rc7 37. Be5 c4 38. Bxc7 Qa6 39. Qxd7+ Kf8 40.
Bd6+ Qxd6 41. Qxd6+ Kg7 42. Qf6+ Kf8 43. Rd8# {Hossa checkmated} 1-0

[Event "ICS rated blitz match"]
[Site "204.178.125.65"]
[Date "2000.09.14"]
[Round "?"]
[White "Hossa"]
[Black "Valg"]
[Result "0-1"]
[WhiteElo "2528"]
[BlackElo "2444"]
[PlyCount "154"]
[EventDate "2000.??.??"]

1. d4 Nf6 2. c4 e6 3. Nf3 d5 4. Nc3 Be7 5. Bg5 h6 6. Bf4 O-O 7. a3 dxc4 8. e4
Nbd7 9. Bxc4 Nb6 10. Be2 Bd6 11. Bd2 Nfd7 12. Nb5 Be7 13. Bf4 e5 14. Nxe5 c6
15. Nxd7 Bxd7 16. Bc7 Qc8 17. Rc1 Bg5 18. f4 Bh4+ 19. g3 Be7 20. Be5 Qd8 21.
Nd6 Bxd6 22. Bxd6 Re8 23. e5 Bh3 24. Kf2 Nc8 25. Bb4 a5 26. Bc3 Nb6 27. Qd2 Nd5
28. Bd3 Nxc3 29. bxc3 Qe7 30. Ra1 Rad8 31. Rhb1 c5 32. d5 f6 33. d6 Qf7 34. Qc2
fxe5 35. Bg6 Qd5 36. Kg1 Rf8 37. Rd1 Qe6 38. fxe5 Qxe5 39. Qb3+ Kh8 40. Qxb7
Qe3+ 41. Kh1 Bg4 42. Rd3 Qxd3 43. Bxd3 Bf3+ 44. Qxf3 Rxf3 45. Bb5 Rxd6 46. Rc1
Rd2 47. Bc6 Rf6 48. Be4 Rff2 49. Rb1 Rxh2+ 50. Kg1 g5 51. Kf1 Rhf2+ 52. Kg1
Rfe2 53. Ba8 Re3 54. Rb8+ Kg7 55. Rb7+ Kg6 56. Kf1 Rxc3 57. Rb1 Rxa3 58. g4
Raa2 59. Kg1 Kf6 60. Re1 c4 61. Bf3 c3 62. Bb7 c2 63. Bf3 Ra3 64. Rf1 Rc3 65.
Bd1+ Ke5 66. Bxc2 Rcxc2 67. Ra1 a4 68. Kf1 a3 69. Rb1 Rf2+ 70. Kg1 Rg2+ 71. Kf1
Rcf2+ 72. Ke1 Rb2 73. Kf1 Rxb1+ 74. Kxg2 Kf4 75. Kh3 Kf3 76. Kh2 a2 77. Kh3
Rh1# {Hossa checkmated} 0-1

[Event "ICS rated blitz match"]
[Site "204.178.125.65"]
[Date "2000.09.14"]
[Round "?"]
[White "Valg"]
[Black "Hossa"]
[Result "1-0"]
[WhiteElo "2466"]
[BlackElo "2508"]
[PlyCount "153"]
[EventDate "2000.??.??"]

1. d4 d5 2. c4 e6 3. Nc3 Nf6 4. Nf3 c5 5. cxd5 Nxd5 6. e3 Nc6 7. Bd3 cxd4 8.
exd4 Bb4 9. Qc2 Nxc3 10. bxc3 Nxd4 11. Nxd4 Qxd4 12. Bb5+ Ke7 13. O-O Qxc3 14.
Qe2 f6 15. Bb2 Qd2 16. Ba3 Kf7 17. Bxb4 Qxb4 18. Rfd1 Rf8 19. Rac1 Kg8 20. Bd7
Bxd7 21. Rxd7 Kh8 22. Qd3 Qb2 23. Rb1 Qxa2 24. Rbxb7 Rg8 25. h3 e5 26. Qg3 Qa6
27. Qg4 Qa1+ 28. Kh2 Qa6 29. h4 Qc6 30. Rdc7 f5 31. Qxf5 Qd6 32. Rd7 Qc5 33.
Qg5 Qf8 34. Rf7 Qc8 35. Qxe5 Qg4 36. Qg5 Qxg5 37. hxg5 a5 38. Ra7 Rxa7 39. Rxa7
Rf8 40. Kg3 Kg8 41. Rxa5 g6 42. Ra7 Re8 43. f4 Rc8 44. Kg4 Rc3 45. Re7 Rc2 46.
g3 Rf2 47. Rd7 Rc2 48. Ra7 Rc1 49. Re7 Rc8 50. Rb7 Rf8 51. Re7 Rc8 52. Rb7 Rf8
53. Rc7 Rf7 54. Rxf7 Kxf7 55. Kf3 Ke6 56. Ke4 Kf7 57. Kd5 Ke7 58. Ke5 Kf7 59.
Kd6 Kg8 60. Ke7 Kg7 61. g4 Kg8 62. f5 gxf5 63. gxf5 Kg7 64. Ke8 h5 65. gxh6+
Kxh6 66. f6 Kg6 67. f7 Kf5 68. Kd7 Kf4 69. Ke6 Ke4 70. f8=Q Kd4 71. Qf4+ Kc3
72. Qe3+ Kc4 73. Kd6 Kb4 74. Qd3 Ka5 75. Kc5 Ka4 76. Qh3 Ka5 77. Qa3# {
Hossa checkmated} 1-0

[Event "ICS rated blitz match"]
[Site "204.178.125.65"]
[Date "2000.09.14"]
[Round "?"]
[White "Hossa"]
[Black "Valg"]
[Result "1-0"]
[WhiteElo "2490"]
[BlackElo "2484"]
[PlyCount "118"]
[EventDate "2000.??.??"]

1. e4 e5 2. Nf3 Nc6 3. Nc3 g6 4. d4 exd4 5. Nxd4 Bg7 6. Be3 Nf6 7. Nxc6 bxc6 8.
e5 Ng8 9. Bd4 Qe7 10. Qe2 Nh6 11. Ne4 Nf5 12. Bc3 O-O 13. Nf6+ Bxf6 14. exf6
Qxe2+ 15. Bxe2 Re8 16. Kd2 d5 17. Rhe1 Nh4 18. g3 Nf5 19. Bd3 Be6 20. b3 Nh6
21. f3 Rab8 22. Ba5 Kh8 23. g4 c5 24. Bxc7 Rbc8 25. Bf4 Ng8 26. Bb5 Red8 27.
Rxe6 fxe6 28. f7 Kg7 29. fxg8=Q+ Rxg8 30. Re1 Rgf8 31. Be5+ Kf7 32. f4 a6 33.
Bd7 Rcd8 34. Bc6 h6 35. Re3 h5 36. Rh3 Rg8 37. g5 a5 38. Rc3 c4 39. bxc4 dxc4+
40. Ke2 Rc8 41. Rxc4 Rgd8 42. Bf6 Rd6 43. Bd5 Rxc4 44. Bxc4 Rb6 45. Bb3 Rb4 46.
Ke3 Rb7 47. c4 Ra7 48. Ba4 Rc7 49. Kd4 Rb7 50. Bb5 Rb6 51. Kc5 Rb8 52. Kd6 Rb7
53. a4 h4 54. c5 Rb8 55. c6 Rc8 56. Bc4 Ke8 57. c7 e5 58. Bb5+ Kf8 59. fxe5 h3
{Valg resigns} 1-0

[Event "ICS rated blitz match"]
[Site "204.178.125.65"]
[Date "2000.09.14"]
[Round "?"]
[White "Hossa"]
[Black "Valg"]
[Result "1/2-1/2"]
[WhiteElo "2520"]
[BlackElo "2454"]
[PlyCount "89"]
[EventDate "2000.??.??"]

1. d4 Nf6 2. Bf4 e6 3. e3 b6 4. Nf3 Bb7 5. Bd3 Be7 6. h3 c5 7. O-O O-O 8. Nbd2
Nc6 9. Re1 Nh5 10. Bh2 Nb4 11. Be2 d6 12. e4 cxd4 13. Nxd4 Nf6 14. c3 Nc6 15.
Qa4 Qd7 16. Bb5 Rac8 17. Rad1 Rfd8 18. N2f3 a6 19. Bxc6 Bxc6 20. Nxc6 Qxc6 21.
Qxc6 Rxc6 22. g4 h6 23. e5 Nd5 24. Nd4 Rc5 25. Kg2 dxe5 26. Bxe5 g6 27. a4 Rc4
28. a5 bxa5 29. Rd3 a4 30. Rf3 Bg5 31. Ra1 Rd7 32. Ra2 a5 33. Kg1 f6 34. Bh2 e5
35. Nc2 e4 36. Rg3 Nf4 37. Re3 Rd2 38. Bxf4 Bxf4 39. Na3 Bxe3 40. Nxc4 Bxf2+
41. Kf1 Rc2 42. Na3 Rd2 43. Nc4 Rc2 44. Na3 Rd2 45. Nc4 {
Game drawn by repetition} 1/2-1/2